Soleao- Quevedo, Myke Towers - Estadísticas

Estadísticas generales
  • Esta prueba ha sido intentada 66 veces
  • La puntuación promedio es 254 de 399
Estadísticas de respuestas
Letra % Correcto
a
100%
di
96%
el
94%
El
94%
Quiero
89%
quiero
89%
soleao
89%
ti
89%
está
87%
te
87%
Te
87%
Y
87%
y
87%
que
85%
Que
85%
qué
85%
día
83%
la
83%
mi
83%
No
83%
no
83%
pa
83%
de
81%
De
81%
en
81%
En
81%
lao
79%
sábana
79%
sabe
79%
gente
77%
na
77%
me
74%
Me
74%
74%
74%
tu
74%
yo
74%
Yo
74%
con
70%
las
70%
se
70%
70%
tiempo
70%
Tiempo
70%
ha
68%
por
68%
si
68%
68%
va
68%
Hay
66%
hay
66%
contigo
64%
más
64%
otro
64%
Tirao
64%
al
62%
Al
62%
donde
62%
mucho
62%
perder
62%
to
62%
Vamo
62%
cámara
60%
estoy
60%
poderme
60%
vámono
60%
Vámono
60%
amor
57%
apagará
57%
llama
57%
pasa
57%
ready
57%
un
57%
baby
55%
Baby
55%
molestar
55%
pase
55%
Dale
53%
ganarle
53%
solo
53%
lo
51%
averiguao
49%
Cómo
49%
Como
49%
distancia
49%
encuentra
49%
feliz
49%
lunes
49%
par
49%
siempre
49%
usted
49%
Ya
49%
ando
47%
lado
47%
nos
47%
saber
47%
fue
45%
haya
45%
volver
45%
aquí
43%
Bebé
43%
Cuando
43%
cuando
43%
he
43%
llevo
43%
somo
43%
adicto
40%
ex
40%
fuera
40%
llamé
40%
media
40%
peli
40%
porque
40%
ayudó
38%
casa
38%
ey
38%
ella
36%
Ella
36%
eso
36%
estar
36%
estás
36%
frente
36%
mismo
36%
normal
36%
olvidar
36%
pusiste
36%
tiene
36%
une
36%
espalda
34%
impaciente
34%
lindo
34%
mal
34%
mía
34%
miré
34%
Muchachos
34%
Ojála
34%
pasarlo
34%
suciería
34%
tome
34%
arrepiento
32%
buscado
32%
cosa
32%
dame
32%
disfrutaría
32%
garantía
32%
girl
32%
hacerte
32%
hecho
32%
momento
32%
pasado
32%
Quedémono
32%
ausente
30%
confiar
30%
corazón
30%
era
30%
haría
30%
Hoy
30%
llamada
30%
muchas
30%
nuestro
30%
puedo
30%
suerte
30%
supe
30%
también
30%
arriba
28%
baila
28%
boca
28%
dejarno
28%
dejé
28%
llegue
28%
reciente
28%
shot
28%
Borró
26%
caminé
26%
convencerte
26%
corro
26%
diré
26%
extraño
26%
Odias
26%
pero
26%
sus
26%
Total
26%
débil
23%
huella
23%
luego
23%
mandándome
23%
terminé
23%
tomó
23%
hago
21%
Primero
21%
viré
19%
dio
17%
seguir
17%
orilla
15%
roncarle
11%
No se encontraron pruebas coincidentes
Distribución de puntuación
Porcentaje de gente con cada puntuación
Porcentaje por número respondido
Historial de tus puntuaciones
No has intentado esta prueba.